000 00541nam a2200181 4500
999 _c1563
_d1563
020 _a0256205116
050 _aHD31
_b.D369485
100 _aBateman, Thomas S.
245 _aManagement:
_bBuilding Competitive Advantage.
250 _a3rd
260 _aBoston;/
_bIrwin:
_c1996.
300 _axiv, 588 p.
_bill;
_c28 cm.
500 _aIncludes indexes.
505 _aFoundations of management, Planning and Strategy, Organizing and Staffing, Leading, control and change,
650 _aManagement
700 _aScott, Snell A.
942 _cBK